|
|
|
|
| LEADER |
00000cam a2200000 7i4500 |
| 001 |
0000037582 |
| 005 |
20131008.0 |
| 008 |
131008 |
| 020 |
|
|
|a 1855014165
|
| 090 |
0 |
0 |
|a 636.68
|b HAR
|
| 100 |
1 |
|
|a Harvey Rob
|
| 245 |
1 |
0 |
|a A practical guide to cage and aviary birds
|c Harvey Rob
|
| 260 |
|
|
|a London :
|b tiger books international publishing ,
|c 1994
|
| 650 |
|
0 |
|a Cage birds
|x 19th century etc.
|
| 999 |
|
|
|a 0000432682
|b Book
|c Annual Reports
|e Cawangan Pontian
|
| 999 |
|
|
|a 0000794636
|b Book
|c REFERENCE
|e Cawangan Segamat
|
| 999 |
|
|
|a 0000828157
|b Book
|c REFERENCE
|e Cawangan Tmn. Ungku Tun Aminah
|
| 999 |
|
|
|a 0000828158
|b Book
|c Adult Collection
|e Cawangan Segamat
|
| 999 |
|
|
|a 0001243462
|b Book
|c Adult Collection
|e Perbadanan Perpustakaan Awam Johor
|